Orientación vocacional para la juventud
Uloženo v:
| Hlavní autoři: | , |
|---|---|
| Médium: | Kniha |
| Jazyk: | španělština |
| Vydáno: |
Santiago
Andrés Bello
1979
|
| Témata: | |
| Tagy: |
Přidat tag
Žádné tagy, Buďte první, kdo vytvoří štítek k tomuto záznamu!
|
MARC
| LEADER | 00000nam a2200000 a 4500 | ||
|---|---|---|---|
| 001 | UCY8142 | ||
| 003 | CL-VaPUC | ||
| 008 | 950623e19790400CL |||||||||||||||||spa|d | ||
| 082 | 0 | 4 | |a 371.42 |b GEB |2 21 |
| 100 | 0 | |a Gebhard Paulus, Alicia |e author |9 339316 | |
| 700 | 0 | |a Zemelman Grunwald, Myriam |e author |9 339317 | |
| 245 | 1 | 0 | |a Orientación vocacional para la juventud |
| 300 | |a 121 p | ||
| 942 | |c BK | ||
| 945 | |d 19950623 00:00:00 |a cmena | ||
| 260 | |a Santiago |b Andrés Bello |c 1979 | ||
| 650 | 0 | |a Orientación profesional |9 308504 | |
| 650 | 0 | |a Psicología educacional |9 307830 | |
| 650 | 7 | |a EDUCACION Y EMPLEO |2 CL-VaPUC |9 338744 | |
| 650 | 0 | |a Juventud |9 271073 | |
| 650 | 7 | |a ENSEÑANZA PROFESIONAL |2 CL-VaPUC |9 339318 | |
| 650 | 7 | |a SECTOR DE SERVICIOS |2 CL-VaPUC |9 339319 | |
| 650 | 0 | |a Industrias |9 263688 | |
| 650 | 0 | |a Trabajo |9 313876 | |
| 650 | 0 | |a Empleo |9 339124 | |
| 650 | 0 | |a Vocación |9 328817 | |
| 650 | 0 | |a Personalidad |9 307255 | |
| 650 | 0 | |a Universidades |9 256317 | |
| 650 | 0 | |a Currículo universitario |9 335022 | |
| 651 | 7 | |a CHILE |2 CL-VaPUC |9 339320 | |
| 583 | |a last modification |c 19950623 00:00:00 |k Rodrigo Vera | ||
| 999 | |c 235420 |d 235418 | ||
| 952 | |0 0 |1 0 |4 0 |6 371_420000000000000_GEB_1979 |7 0 |8 P |9 242822 |a BIBEDU |b BIBEDU |c BIBEDU_PB |d 2019-11-18 |i 1524097 |o 371.42 GEB 1979 |p 1524097 |r 2024-01-25 |w 2019-11-18 |y BK |k EDU | ||